04331cam a22003974a 4500952016100000999001700161001000900178003000400187005001700191008004100208010001700249015001900266016001800285020002800303020001800331035002300349040004000372042000800412043001200420050002300432082002400455245010100479250001200580260005100592300006700643504005100710505157200761520131902333650002903652650001303681700002803694700002903722856009103751906004503842942004603887 00102ddc40708FORaMESbMEScFOR d2022-01-10e41g490.00l16m19o363.2565 KEL/Fp41393r2026-03-13 15:10:02s2026-03-05v490.00w2022-01-10yBKzGL51R3 c41441d4144114115069OSt20220106152551.0050921s2006 fluaf b 001 0 eng  a 2005054142 aGBA5988012bnb7 a0133428302Uk a0849320445 (alk. paper) a9780849320446 a(OCoLC)ocm61704838 aDLCcDLCdUKMdBAKERdC#PdP#OdDLC apcc an-us---00aHV8074b.S356 200600a363.2565222bKEL/F00aScientific examination of questioned documents /cedited by Jan Seaman Kelly, Brian S. Lindblom. a2nd ed. aBoca Raton, FL :bCRC/Taylor & Francis,c2006. axviii, 441 p., [28] p. of plates :bill. (some col.) ;c27 cm. aIncludes bibliographical references and index.0 aAbout the editors/authors -- Contributors -- Preface -- Acknowledgments -- 1. Organization and content of book -- 2. What is forensic document examination -- 3. A forensic document examiners training -- 4. Care and handling of documents -- 5. Work notes -- 6. The Daubert era -- 7. Conclusions and guidelines for handwriting comparison -- 8. Identification of handwriting -- 9. Identification of signatures -- 10. Identification of hand printing and numerals -- 11. Disguise in hand printing and numerals -- 12. Preparation and collection of signatures and handwriting standards -- 13. Pens and pencils -- 14. Typography -- 15. Typewriters -- 16. The examination of computer-generated documents -- 17. Photocopiers -- 18. Facsimile machines -- 19. Manipulated photocopies, faxes, and computer-printed documents -- 20. Rubber stamps -- 21. Checkwriters -- 22. Staples -- 23. Conventional printing processes -- 24. Paper examinations -- 25. Carbonless paper -- 26. Accidental markings and indented writing on a document -- 27. Alterations in documents -- 28. Multi-faceted approach -- 29. The role of indentation analysis, offsetting, and transfer -- 30. Dating by materials: identification, comparison, and examination of changes -- 31. Cameras, scanners, and image enhancement -- 32. Conclusions and guidelines -- 33. Considerations in preparing for court -- 34. Demonstrative charts -- 35. Pretrial conference -- 36. Preparation for a Daubert hearing -- 37. The untrained document expert witness -- 38. The document examiners testimony in court -- Glossary -- Index. aAn essential guide for the novice and the seasoned professional, this authoritative and comprehensive book is also an informative reference for the layperson who is interested in the subject. Featuring chapters written by several forensic document examination experts, this new edition is extensively revised to reflect post-1982 developments. Since that time, new avenues of written communication have emerged, as well as the proliferation of desktop computers and printers. Both of these factors have strongly impacted the nature of the examinations performed and the methodologies used. The book thoroughly explores the complexities involved in keeping current with these developments and does so, in some instances, aided by the presentation of a variety of documents and case studies. Discussion topics include infra-red exams, the use of computer hardware and software in document examination, and innovative chart making techniques. New chapters cover computer printer technologies, facsimiles, techniques for the detection of digitally manipulated documents and photocopies, ASTM standards for reporting conclusions along with advanced examination techniques. Updated chapters include expanded discussion of ESDA and other analytical tools, document dating, modern stamp making technology, and more. 0aWritingxIdentification. 0aForgery.1 aSeaman Kelly, Jan990081 aLindblom, Brian S.99009423Publisher descriptionuhttp://www.loc.gov/catdir/enhancements/fy0646/2005054142-d.html a7bcbccorignewd1eocipf20gy-gencatlg 2ddccBKh363.2565iKEL/Sk363.2565mKEL/S